| Tag |
First Indicator |
Second Indicator |
Subfields |
| LEADER |
00000cam a2200000 a 4500 |
| 001 |
in00000020005 |
| 005 |
20151007053807.0 |
| 008 |
870918s1988 mau b 00110 eng |
| 010 |
|
|
|a 87025995
|
| 020 |
|
|
|a 0674628357 (alk. paper)
|
| 035 |
|
|
|a (OCoLC)16833492
|
| 035 |
|
|
|9 AAB2836AM
|
| 040 |
|
|
|a DLC
|c DLC
|d TXA
|d UtOrBLW
|
| 049 |
|
|
|a TXAM
|c [A11468535]
|
| 050 |
0 |
0 |
|a QC773
|b .W43 1988
|
| 082 |
0 |
|
|a 327.1/74
|2 19
|
| 100 |
1 |
|
|a Weart, Spencer R.,
|d 1942-
|
| 245 |
1 |
0 |
|a Nuclear fear :
|b a history of images /
|c Spencer R. Weart.
|
| 264 |
|
1 |
|a Cambridge, Mass. :
|b Harvard University Press,
|c 1988.
|
| 300 |
|
|
|a 535 pages ;
|c 25 cm.
|
| 336 |
|
|
|a text
|b txt
|2 rdacontent
|
| 337 |
|
|
|a unmediated
|b n
|2 rdamedia
|
| 338 |
|
|
|a volume
|b nc
|2 rdacarrier
|
| 504 |
|
|
|a Bibliography: pages 439-523.
|
| 500 |
|
|
|a Includes index.
|
| 650 |
|
0 |
|a Nuclear energy
|x History.
|
| 650 |
|
0 |
|a Nuclear energy
|x Psychological aspects
|x History.
|
| 650 |
|
0 |
|a Nuclear warfare
|x Psychological aspects
|x History.
|
| 650 |
|
0 |
|a Antinuclear movement
|x History.
|
| 650 |
|
0 |
|a Radiation
|x Public opinion
|x History.
|
| 999 |
|
|
|a MARS
|
| 999 |
f |
f |
|s 64243fe9-1fd7-3b4b-a15b-56e4b36d1915
|i 2d63a240-288a-3163-9e3c-519226773f81
|t 0
|
| 952 |
f |
f |
|p normal
|a Texas A&M University
|b College Station
|c Sterling C. Evans Library
|d Evans: Library Stacks
|t 0
|e QC773 .W43 1988
|h Library of Congress classification
|i unmediated -- volume
|m A14811468535
|
| 998 |
f |
f |
|a QC773 .W43 1988
|t 0
|l Evans: Library Stacks
|